Física: para ciencias e ingeniería
Salvato in:
| Autori principali: | , |
|---|---|
| Natura: | Libro |
| Lingua: | spagnolo |
| Pubblicazione: |
Ciudad de México
McGraw Hill Interamericana
2002
|
| Edizione: | 5a. ed |
| Soggetti: | |
| Tags: |
Aggiungi Tag
Nessun Tag, puoi essere il primo ad aggiungerne!!
|
MARC
| LEADER | 00000nam a2200000 a 4500 | ||
|---|---|---|---|
| 001 | UCM7571 | ||
| 003 | CL-VaPUC | ||
| 005 | 20241014155707.0 | ||
| 008 | 021227e20020000MX |||||||||||||||||spa|d | ||
| 999 | |c 302330 |d 302328 | ||
| 020 | |a 9701035801 | ||
| 020 | |a 970103581Xv.1 | ||
| 020 | |a 9701035828v.2 | ||
| 040 | |c Pontificia Universidad Católica de Valparaíso | ||
| 082 | 0 | 4 | |a 530 |b SER |2 21 |
| 100 | 0 | |a Serway, Raymond A |e author |9 254 | |
| 245 | 1 | 0 | |a Física: para ciencias e ingeniería |
| 250 | |a 5a. ed | ||
| 260 | |a Ciudad de México |b McGraw Hill Interamericana |c 2002 | ||
| 300 | |a v | ||
| 500 | |a v.1: Incluye Cd-Rom | ||
| 583 | |a last modification |c 20180731 17:34:23 |k Rodrigo Vera | ||
| 650 | 0 | |a Física |9 227844 | |
| 650 | 0 | |a Mecánica |9 260096 | |
| 650 | 0 | |a Termodinámica |x Temperatura |x Entropía |9 387301 | |
| 650 | 0 | |a Sonido |x Ondas sonoras |9 322237 | |
| 650 | 0 | |a Onda mecánica |x Onda electromagnética |9 891798 | |
| 650 | 0 | |a Electricidad |9 260222 | |
| 650 | 0 | |a Electromagnetismo |x Dieléctrico |9 892270 | |
| 650 | 0 | |a Óptica física |x Óptica geométrica |x Ojo humano |9 892271 | |
| 650 | 0 | |a Relatividad |9 269977 | |
| 700 | 0 | |a Beichner, Robert J |e author |9 473229 | |
| 942 | |c BK |2 ddc | ||
| 945 | |d 20021227 00:00:00 |a vberengu | ||
| 952 | |0 0 |1 0 |4 0 |6 530_000000000000000_SER_2002 |7 0 |8 A |9 362744 |a BIBMAT |b BIBMAT |d 2019-11-21 |h v.1 |i 3872602 |l 3 |o 530 SER 2002 |p 3872602 |r 2025-01-07 |s 2022-04-11 |w 2019-11-21 |y BK |k MAT | ||
| 952 | |0 0 |1 0 |4 0 |6 530_000000000000000_SER_2002 |7 0 |8 A |9 362745 |a BIBMAT |b BIBMAT |d 2019-11-21 |h v.2 |i 3872610 |o 530 SER 2002 |p 3872610 |r 2025-01-07 |w 2019-11-21 |y BK |k MAT | ||
| 952 | |0 0 |1 0 |4 0 |6 530_000000000000000_SER_2002 |7 0 |8 A |9 362746 |a BIBCUR |b BIBCUR |d 2019-11-21 |h v.1 |i 3361829 |l 8 |m 2 |o 530 SER 2002 |p 3361829 |r 2025-04-22 |s 2025-03-27 |w 2019-11-21 |y BK |k FIS | ||
| 952 | |0 0 |1 0 |4 0 |6 530_000000000000000_SER_2002 |7 0 |8 A |9 362747 |a BIBCUR |b BIBCUR |d 2019-11-21 |h v.1 |i 3916669 |l 3 |o 530 SER 2002 |p 3916669 |r 2025-04-22 |s 2024-10-03 |w 2019-11-21 |y BK |k FIS | ||
| 952 | |0 0 |1 0 |4 0 |6 530_000000000000000_SER_2002 |7 0 |8 A |9 362748 |a BIBING |b BIBING |d 2019-11-21 |h v.1 |i 3936570 |o 530 SER 2002 |p 3936570 |r 2023-03-02 |w 2019-11-21 |y BK |k ING | ||
| 952 | |0 0 |1 0 |4 0 |6 530_000000000000000_SER_2002 |7 0 |8 A |9 362752 |a BIBING |b BIBING |d 2019-11-21 |h v.1 |i 3936627 |o 530 SER 2002 |p 3936627 |r 2023-03-02 |w 2019-11-21 |y BK |k ING | ||
| 952 | |0 0 |1 0 |4 0 |6 530_000000000000000_SER_2002 |7 0 |8 A |9 362754 |a BIBING |b BIBING |d 2019-11-21 |h v.1 |i 3936651 |o 530 SER 2002 |p 3936651 |r 2023-03-02 |w 2019-11-21 |y BK |k ING | ||
| 952 | |0 0 |1 0 |4 0 |6 530_000000000000000_SER_2002 |7 0 |8 A |9 362756 |a BIBING |b BIBING |d 2019-11-21 |h v.1 |i 3936686 |l 3 |o 530 SER 2002 |p 3936686 |r 2025-03-13 |s 2025-03-13 |w 2019-11-21 |y BK |k ING | ||
| 952 | |0 0 |1 0 |4 0 |6 530_000000000000000_SER_2002 |7 0 |8 R |9 362764 |a BIBMEC |b BIBMEC |d 2019-11-21 |h v.1 |i 3944522 |o 530 SER 2002 |p 3944522 |r 2024-01-19 |w 2019-11-21 |y BK_R |k MEC | ||
| 952 | |0 0 |1 0 |4 0 |6 530_000000000000000_SER_2002 |7 0 |8 R |9 362765 |a BIBMEC |b BIBMEC |d 2019-11-21 |h v.1 |i 3944530 |o 530 SER 2002 |p 3944530 |r 2019-11-21 |w 2019-11-21 |y BK_R |k MEC | ||
| 952 | |0 0 |1 0 |4 0 |6 530_000000000000000_SER_2002 |7 0 |8 R |9 362767 |a BIBMEC |b BIBMEC |d 2019-11-21 |h v.1 |i 3944557 |l 4 |o 530 SER 2002 |p 3944557 |r 2024-09-09 |s 2024-09-06 |w 2019-11-21 |y BK_R |k MEC | ||
| 952 | |0 0 |1 0 |4 0 |6 530_000000000000000_SER_2002 |7 0 |8 A |9 362768 |a BIBING |b BIBING |d 2019-11-21 |h v.1 |i 4087070 |o 530 SER 2002 |p 4087070 |r 2023-03-02 |w 2019-11-21 |y BK |k ING | ||
| 952 | |0 0 |1 0 |4 0 |6 530_000000000000000_SER_2002 |7 0 |8 A |9 362769 |a BIBCUR |b BIBCUR |d 2019-11-21 |h v.2 |i 4194322 |l 8 |m 4 |o 530 SER 2002 |p 4194322 |r 2025-04-22 |s 2024-11-18 |w 2019-11-21 |y BK |k FIS | ||
| 952 | |0 0 |1 0 |4 0 |6 530_000000000000000_SER_2002 |7 0 |8 A |9 362770 |a BIBCUR |b BIBCUR |d 2019-11-21 |h v.2 |i 4194470 |l 2 |o 530 SER 2002 |p 4194470 |r 2025-04-22 |s 2024-11-12 |w 2019-11-21 |y BK |k FIS | ||
| 952 | |0 0 |1 0 |4 0 |6 530_000000000000000_SER_2002 |7 0 |8 A |9 362771 |a BIBCUR |b BIBCUR |d 2019-11-21 |h v.2 |i 4624025 |l 3 |o 530 SER 2002 |p 4624025 |r 2025-04-22 |s 2025-04-04 |w 2019-11-21 |y BK |k FIS | ||